College Quizbowl Stats
College Quizbowl Stats
Circuits
Seasons
Sets
Records
Detailed Stats
About
Loading...
2023 ACF Nationals
Tossups
Bonuses
Players
Teams
Categories (Tossup)
Categories (Bonus)
Celina Liang
Penn A
Categories
Category
Powers
Gets
Negs
BBs
Points
Earliest Buzz
Avg. Buzz
First Buzzes
Top 3 Buzzes
Fine Arts - Painting & Sculpture
0
1
0
0
10
104
104.00
0
0
Literature - British Literature
0
1
0
0
10
126
126.00
0
0
Mythology
0
1
0
0
10
123
123.00
0
0
Religion
0
1
0
0
10
103
103.00
0
0
Fine Arts - Classical Music
0
0
1
0
-5
0.00
0
0
Buzzes
Category
Answer
Value
Buzz Position
Religion
dreams
10
103
Fine Arts - Painting & Sculpture
Oscar Wilde
10
104
Mythology
helmets
10
123
Literature - British Literature
King Lear
10
126
Fine Arts - Classical Music
divertimento
-5
143
Previous
1
Next